000 00611nam a2200169 a 4500
001 ASINB008CMK260
005 20140805205724.0
008 140805s2007 xxu eng d
100 1 _aLax.
245 1 0 _aLinear algebra] /
_cLax.
260 _a[S.l.] :
_bWileyInterscience, Hardcover(2007),
_c2007.
300 _a1 v. (unpaged)
490 1 _a2nd, 08) by lax, peter D [hardcover (2007.
520 _aLinear Algebra (2nd, 08) by Lax, Peter D [Hardcover (2007)]
830 0 _a2nd, 08) by lax, peter D [hardcover (2007.
856 4 0 _3Amazon.com
_uhttp://www.amazon.com/exec/obidos/ASIN/B008CMK260/chopaconline-20
999 _c8551
_d8551